Mis segundos pasos : grado preparatorio de nueva enciclopedia escolar H. S. R. : contestaciones completas a los cuestionarios nacionales para la enseñanza primaria : segundo curso del primer ciclo del período de enseñanza elemental (siete-ocho años)

Gespeichert in:
Bibliographische Detailangaben
1. Verfasser: Arias, Manuel Antonio
Weitere Verfasser: Algora, Julio (IllustratorIn)
Format: Buch
Sprache:Spanisch
Erschienen: Burgos : Hijos de Santiago Rodríguez, 1962
Ausgabe:[22a ed. reformada y ampl.]
Katalog:MANES:  Suchergebnis im Bibliothekskatalog
Schulbuchspezifische Eigenschaften:
Tags: Tag hinzufügen
Keine Tags, Fügen Sie den ersten Tag hinzu!
Hinzugefügt zu:04.03.2007
Geändert in:07.05.2025

MARC

LEADER 00000nam a2200000 a 4500
003 ES-BaCBU
005 20250507130058.0
008 070305s1962 sp a b|l 000 ||spa|c
040 |a ES-BaUB  |b cat  |c ES-BaUB 
100 1 |a Arias, Manuel Antonio  |9 23910 
245 1 0 |a Mis segundos pasos :  |b grado preparatorio de nueva enciclopedia escolar H. S. R. : contestaciones completas a los cuestionarios nacionales para la enseñanza primaria : segundo curso del primer ciclo del período de enseñanza elemental (siete-ocho años) /  |c por Manuel Antonio Arias ; ilustrada en colores con dibujos de trazo senzillo por Julio Algora 
250 |a [22a ed. reformada y ampl.] 
260 |a Burgos :  |b Hijos de Santiago Rodríguez,  |c 1962 
300 |a 215 p.:  |b il. 
546 |a España 
561 |5 es-CRAI  |3 p2 R TEXT 0 46-1  |a España. Biblioteca Universitat de Barcelona  |k MANES 
690 0 |a CN  |a ECS  |a HI  |a LEN  |a MATE  |a RyM 
691 0 |a PRI 
700 1 |a Algora, Julio,  |e il.  |9 27325 
856 |y Registro en Cercabib - CRAI 
942 |2 ddc  |c BK 
999 |c 86739  |d 86739 
999 |c manes:86739  |d 86739